<?xml version="1.0" encoding="UTF-8"?><?xml-stylesheet type="text/xsl" href="static/style.xsl"?><OAI-PMH xmlns="http://www.openarchives.org/OAI/2.0/" xmlns:xsi="http://www.w3.org/2001/XMLSchema-instance" xsi:schemaLocation="http://www.openarchives.org/OAI/2.0/ http://www.openarchives.org/OAI/2.0/OAI-PMH.xsd"><responseDate>2026-04-13T03:11:00Z</responseDate><request verb="GetRecord" identifier="oai:www.recercat.cat:2117/77910" metadataPrefix="marc">https://recercat.cat/oai/request</request><GetRecord><record><header><identifier>oai:recercat.cat:2117/77910</identifier><datestamp>2025-07-22T17:22:57Z</datestamp><setSpec>com_2072_1033</setSpec><setSpec>col_2072_452951</setSpec></header><metadata><record xmlns="http://www.loc.gov/MARC21/slim" xmlns:dcterms="http://purl.org/dc/terms/" xmlns:xsi="http://www.w3.org/2001/XMLSchema-instance" xmlns:doc="http://www.lyncode.com/xoai" xsi:schemaLocation="http://www.loc.gov/MARC21/slim http://www.loc.gov/standards/marcxml/schema/MARC21slim.xsd">
   <leader>00925njm 22002777a 4500</leader>
   <datafield ind2=" " ind1=" " tag="042">
      <subfield code="a">dc</subfield>
   </datafield>
   <datafield ind2=" " ind1=" " tag="720">
      <subfield code="a">Batuecas Menéndez, Mar</subfield>
      <subfield code="e">author</subfield>
   </datafield>
   <datafield ind2=" " ind1=" " tag="260">
      <subfield code="c">2015-07-27</subfield>
   </datafield>
   <datafield ind2=" " ind1=" " tag="520">
      <subfield code="a">En este trabajo se estudia el proceso de reforma interior en fase de proyecto de una vivienda unifamiliar entre medianeras situada en La Roca del Vallés. A partir de una toma de datos inicial, documentación catastral, normativa de edificación y urbanística del municipio, croquis y programa de necesidades y funcional de la vivienda, se realiza el levantamiento de planos de estado actual para poder formular propuesta de reforma de la misma. Dicha propuesta, se realiza a través de una memoria descriptiva y una memoria constructiva, en las cuales se definen los trabajos de adecuación de los espacios, así como las características finales de la construcción. Posteriormente, éstas quedarán complementadas con la documentación gráfica y todos los documentos anexos necesarios para dar cumplimiento a la normativa y al programa de necesidades de la propiedad.</subfield>
   </datafield>
   <datafield tag="653" ind2=" " ind1=" ">
      <subfield code="a">Àrees temàtiques de la UPC::Edificació::Rehabilitació d'edificis</subfield>
   </datafield>
   <datafield tag="653" ind2=" " ind1=" ">
      <subfield code="a">Buildings -- Repair and reconstruction</subfield>
   </datafield>
   <datafield tag="653" ind2=" " ind1=" ">
      <subfield code="a">Edificis -- Remodelació -- Catalunya -- La Roca del Vallès</subfield>
   </datafield>
   <datafield ind2="0" ind1="0" tag="245">
      <subfield code="a">Reforma de vivienda unifamiliar entre medianeras</subfield>
   </datafield>
</record></metadata></record></GetRecord></OAI-PMH>